00333nam a2200133Ia 450000500170000000800410001702000150005808200130007310000170008624500240010326000450012730000130017265000140018520250325044955.0240331s9999 xx 000 0 und d a8190080148 bRAMa894 aRamaswamy, S 0aVirivum alamum tedi aNagercoilbKalachuvadu Pathippagamc1998 a303 p ., aCriticism